Das biographische Wörterbuch der Kontrabassisten der Vergangenheit // Das biographische Wörterbuch der Kontrabassisten der Vergangenheit. - (geb. bis 1900) (Запись № 3396209)
[ простой вид ]
| 000 -МАРКЕР | |
|---|---|
| контрольное поле | 01185nam1a2200265 i 4500 |
| 001 - ИДЕНТИФИКАТОР ЗАПИСИ | |
| контрольное поле | RU\NLR\b_ik\155590 |
| 005 - ИДЕНТИФИКАТОР ВЕРСИИ | |
| контрольное поле | 20241225153822.0 |
| 035 ## - ДРУГИЕ СИСТЕМНЫЕ НОМЕРА | |
| Идентификатор записи | (NLR Aleph) 002228573 |
| 100 ## - ДАННЫЕ ОБЩЕЙ ОБРАБОТКИ | |
| Данные общей обработки | 20070126g20069999u y0rusy50 ba |
| 101 0# - ЯЗЫК РЕСУРСА | |
| Язык текста, звукозаписи и т.д. | немецкий |
| 102 ## - СТРАНА ПУБЛИКАЦИИ ИЛИ ПРОИЗВОДСТВА | |
| Страна публикации | российская федерация |
| 105 ## - ПОЛЕ КОДИРОВАННЫХ ДАННЫХ: ТЕКСТОВЫЕ МАТЕРИАЛЫ, МОНОГРАФИЧЕСКИЕ | |
| Кодированные данные о монографическом текстовом документе | ||||z ||||| |
| 200 9# - ЗАГЛАВИЕ И СВЕДЕНИЯ ОБ ОТВЕТСТВЕННОСТИ | |
| Основное заглавие | Das biographische Wörterbuch der Kontrabassisten der Vergangenheit |
| Первые сведения об ответственности | Alexander Michno |
| 210 ## - ПУБЛИКАЦИЯ, РАСПРОСТРАНЕНИЕ И ДР. | |
| Место издания, распространения и т.д. | Москва |
| Имя издателя, распространителя и т. д. | Компания Спутник+ |
| Дата издания, распространения и т.д. | 2006 |
| 215 ## - ФИЗИЧЕСКАЯ ХАРАКТЕРИСТИКА | |
| Размеры | 21 |
| 463 #1 - УРОВЕНЬ ФИЗИЧЕСКОЙ ЕДИНИЦЫ | |
| Встроенное поле | 001RU\NLR\b_ik\152302 |
| -- | 2001#$a(geb. bis 1900) |
| Идентификатор связанной записи | RU\NLR\b_ik\152302 |
| Системный номер (АБИС) связанной записи | 3354811 |
| Место публикации | Б. м. |
| Дата публикации | 2006 |
| Физическая характеристика | 232 с. |
| Заглавие | Das biographische Wörterbuch der Kontrabassisten der Vergangenheit. - (geb. bis 1900) |
| ISBN | 5-364-00116-4 |
| 541 0# - ПЕРЕВОД ЗАГЛАВИЯ, СДЕЛАННЫЙ КАТАЛОГИЗАТОРОМ | |
| Заглавие | Биографический словарь контрабасистов прошлого |
| Язык заглавия | русский |
| 606 1# - НАИМЕНОВАНИЕ ТЕМЫ КАК ПРЕДМЕТ | |
| Наименование темы | Контрабасисты |
| Формальный подзаголовок | Биографические словари |
| Системный номер авторитетной/нормативной записи | 2465593 |
| Идентификатор авторитетной/нормативной записи | RU\NLR\AUTH\661464747 |
| 686 4# - ИНДЕКСЫ ДРУГИХ КЛАССИФИКАЦИЙ | |
| Индекс | Щ313(0)я2 |
| 700 #1 - ИМЯ ЛИЦА - ПЕРВИЧНАЯ ОТВЕТСТВЕННОСТЬ | |
| Начальный элемент ввода | Michno |
| Часть имени, кроме начального элемента ввода | A. V. |
| Расширение инициалов личного имени | Aleksandr Vasil'evič |
| Код отношения | Автор |
| 801 #0 - ИСТОЧНИК ЗАПИСИ | |
| Страна | российская федерация |
| Организация | NLR |
| Дата составления | 20070126 |
| Правила каталогизации | RCR |
| 852 ## - МЕСТОНАХОЖДЕНИЕ И ШИФР ХРАНЕНИЯ | |
| Идентификатор организации | NLR |
| Наименование фонда или коллекции (Sub-Location Identifier) | СИк |
| Шифр хранения (Call Number) | 2006-2/54 |
| 942 ## - ДОПОЛНИТЕЛЬНЫЕ ЭЛЕМЕНТЫ ЗАПИСИ (АБИС) | |
| Тип экземпляра АБИС | Книга |
Нет доступных экземпляров.